000 00310nam a22001457a 4500
008 221014b ||||| |||| 00| 0 eng d
020 _a9780321777010
041 _aeng
080 _a004
082 _a004 WILL
100 _a19.1
101 _aSHK
245 _aMAC OS X LION
_cWILLIAMS R
942 _2udc
_cBK
999 _c58575
_d58575